O Círculo de Viena /
Guardado en:
| Autor Principal: | |
|---|---|
| Formato: | Libro |
| Idioma: | Portuguese |
| Publicado: |
Curitiba :
Edição Prata de Casa,
1953.
|
| Etiquetas: |
Agregar Etiqueta
Sin Etiquetas, Sea el primero en etiquetar este registro!
|
| LEADER | 00629nam a22001455a 4500 | ||
|---|---|---|---|
| 001 | MAT.inmabb000479 | ||
| 008 | 031125s1953####bl############000#0#por#d | ||
| 005 | 20110304145335.0 | ||
| 245 | 1 | 2 | |a O Círculo de Viena / |c Newton Carneiro Affonso da Costa. |
| 260 | |a Curitiba : |b Edição Prata de Casa, |c 1953. | ||
| 300 | |a 20 p. ; |c 23 cm. | ||
| 500 | |a Conferência proferida na Faculdade de Direito da Universidade do Rio Grande do Sul, em outubro de 1952, como parte do programa da Primeira Semana Brasileira de Filosofia. | ||
| 100 | 1 | |a Costa, Newton Carneiro Affonso da. | |
| 084 | |a 03-03 (01A60) |2 msc2000 | ||
| 859 | |h 03 |i C837c |p A-256 |b BIB. MATEMATICA | ||
